Đi tìm điển tích thành ngữ

Tập hợp những điểm tích thành ngữ, tục ngữ chọn lọc với mục đích đi tìm nghĩa đen, nghĩa xuất phát của thành ngữ, tục ngữ. Cái hay, cái độc đáo của nghĩa đen là mượn vật thật, mượn đặc điểm vốn có của vật để xây dựng nghĩa bóng, đe...

Descripción completa

Guardado en:
Detalles Bibliográficos
Autor principal: Tiêu, Hà Minh
Formato: Libro
Lenguaje:Undetermined
Publicado: H. Thông tấn 2018
Materias:
Acceso en línea:http://lrc.tdmu.edu.vn/opac/search/detail.asp?aID=2&ID=34439
Etiquetas: Agregar Etiqueta
Sin Etiquetas, Sea el primero en etiquetar este registro!
Thư viện lưu trữ: Trung tâm Học liệu Trường Đại học Thủ Dầu Một
LEADER 01195nam a2200205Ia 4500
001 TDMU_34439
008 210410s9999 xx 000 0 und d
082 |a 895.9228103 
090 |b T309 
100 |a Tiêu, Hà Minh 
245 0 |a Đi tìm điển tích thành ngữ 
245 0 |c Tiêu Hà Minh 
260 |a H. 
260 |b Thông tấn 
260 |c 2018 
300 |a 629tr. 
520 |a Tập hợp những điểm tích thành ngữ, tục ngữ chọn lọc với mục đích đi tìm nghĩa đen, nghĩa xuất phát của thành ngữ, tục ngữ. Cái hay, cái độc đáo của nghĩa đen là mượn vật thật, mượn đặc điểm vốn có của vật để xây dựng nghĩa bóng, để thành chuyện, từ chuyện tạo nên thành ngữ, tục ngữ hoặc có khi lại đúc kết từ thành ngữ, tục ngữ để nói lên chuyện. 
650 |a Thành ngữ  |x Điểm tích  |z Việt Nam 
856 |u http://lrc.tdmu.edu.vn/opac/search/detail.asp?aID=2&ID=34439 
980 |a Trung tâm Học liệu Trường Đại học Thủ Dầu Một